000 00626nam a2200169 i 4500
001 bg
100 1 _aCHEŁMICKI, Jerzy
245 0 _aBudownictwo z elementów wielkoprzestrzennych :
_bjeden z kierunków pełniejszego zaspokojenia potrzeb mieszkaniowych /
_cJerzy Chelmicki.
260 _aWrocław,
_c1980.
490 1 _aPrace Naukowe Instytutu Architektury i Urbanistyki Politechniki Wrocławskiej ;
_v17
830 _aPrace Naukowe Instytutu Architektury i Urbanistyki Politechniki Wrocławskiej ;
040 _cBPK
041 _apol
080 _a69.057:728
942 _cKS
008 s pl f |000 0 pol
999 _c19644
_d19644
856 _uhttp://koha.tu.koszalin.pl/cgi-bin/koha/opac-detail.pl?biblionumber=19644
_yKatalog online BPK